书目信息 |
| 题名: |
目的地旅游安全评价与预警
|
|
| 作者: | 邹永广 著 | |
| 分册: | ||
| 出版信息: | 北京 社会科学文献出版社 2018.10 |
|
| 页数: | 330页 | |
| 开本: | 24cm | |
| 丛书名: | 华侨大学哲学社会科学文库 | |
| 单 册: | ||
| 中图分类: | X959 | |
| 科图分类: | ||
| 主题词: | 旅游地--lu^ you di--旅游安全--安全管理--研究 | |
| 电子资源: | ||
| ISBN: | 978-7-5201-3551-1 | |
| 000 | 01380nam 2200289 450 | |
| 001 | 0100010276 | |
| 005 | 20190905093951.0 | |
| 010 | @a978-7-5201-3551-1@dCNY98.00 | |
| 100 | @a20190901d2018 em y0chiy50 ea | |
| 101 | 0 | @achi@deng |
| 102 | @aCN@b110000 | |
| 105 | @aak a 000yy | |
| 106 | @ar | |
| 200 | 1 | @a目的地旅游安全评价与预警@Amu de di lu^ you an quan ping jia yu yu jing@d= Study on tourism safety and security assessment and early warning in warning in tourism destination@f邹永广著@zeng |
| 210 | @a北京@c社会科学文献出版社@d2018.10 | |
| 215 | @a330页@c图@d24cm | |
| 225 | 2 | @a华侨大学哲学社会科学文库@Ahua qiao da xue zhe xue she hui ke xue wen ku@i管理学系列 |
| 314 | @a邹永广, 管理学博士, 现任华侨大学旅游管理系副主任、副教授、硕士生导师。 | |
| 320 | @a有书目 (第272-287页) | |
| 330 | @a该书尝试以目的地旅游安全内涵为切入点, 采用客观和主观双重视角的分析框架, 试图回答如何客观评价目的地旅游安全状况、游客是怎么评价目的地旅游安全两个研究问题, 以此对目的地旅游安全评价做出理论诠释。 | |
| 410 | 0 | @12001 @a华侨大学哲学社会科学文库@i管理学系列 |
| 510 | 1 | @aStudy on tourism safety and security assessment and early warning in warning in tourism destination@zeng |
| 606 | 0 | @a旅游地@Alu^ you di@x旅游安全@x安全管理@x研究 |
| 690 | @aX959@v5 | |
| 701 | 0 | @a邹永广@Azou yong guang@4著 |
| 801 | 0 | @aCN@c20190905 |
| 905 | @a河南城建学院图书馆@dX959@eZ971 | |
| 目的地旅游安全评价与预警= Study on tourism safety and security assessment and early warning in warning in tourism destination/邹永广著.-北京:社会科学文献出版社,2018.10 |
| 330页:图;24cm.-(华侨大学哲学社会科学文库.管理学系列) |
| ISBN 978-7-5201-3551-1:CNY98.00 |
| 该书尝试以目的地旅游安全内涵为切入点, 采用客观和主观双重视角的分析框架, 试图回答如何客观评价目的地旅游安全状况、游客是怎么评价目的地旅游安全两个研究问题, 以此对目的地旅游安全评价做出理论诠释。 |
| ● |
| 相关链接 |
|
|
|
正题名:目的地旅游安全评价与预警
索取号:X959/Z971
 
预约/预借
| 序号 | 登录号 | 条形码 | 馆藏地/架位号 | 状态 | 备注 |
| 1 | 1437860 | 214378608 | 期刊室512/501自科库 123排1列1层/ [索取号:X959/Z971] | 在馆 | |
| 2 | 1437861 | 214378617 | 自科库501/501自科库 123排1列1层/ [索取号:X959/Z971] | 在馆 |